00000000nam 2200000za 4500
0019.650620
003CaOODSP
00520220125145841
007ta
008150407s2007||||xxc|||||     f|0| 0 eng d
020 |a978-1-55002-694-8
040 |aCaOODSP|beng
043 |an-cn---
0861 |aD2-193/2007E
1101 |aCanada. |bDepartment of National Defence.
24510|aCasting light on the shadows : |bCanadian perspectives on special operations forces / |cForeword by David Barr; edited by Bernd Horn and Roch Legault; jointly published by Canadian Defence Academy Press and the Dundurn Group.
260 |aKingston - Ontario : |bNational Defence |c2007.
300 |a324p. : |breferences, index ; |c23 cm.
500 |aISBN 10: 1-55002-694-1
5203 |aThis book of essays looks at the history, theory, and practice of Special Operations Forces. The essays are written from a Canadian perspective by Canadian military and history experts. They cover a variety of topics, including the theories behind Special Operations Forces, how recruits are selected, and their training requirements. Other subjects include the history of Special Operations Forces internationally, and in Canada, and the need for such forces, particularly in Canada.
563 |aSoftcover
590 |a07-13|b2007-03-30
69007|aArmed forces|2gcpds
69007|aMilitary history|2gcpds
69007|aMilitary training|2gcpds
7102 |aDundurn Group.
7102 |aCanadian Defence Academy.
77508|tLumières sur les forces de l'ombre : |w(CaOODSP)9.683714
7760#|tCasting light on the shadows : |w(CaOODSP)9.888828